| 000 | 01216nam a22002777a 4500 | ||
|---|---|---|---|
| 005 | 20240530110446.0 | ||
| 008 | 150428s2008 ua g b 000 0 ara d | ||
| 017 |
_a2008/23242 _bمصر . دار الكتب المصرية |
||
| 020 | _a9789774206176 | ||
| 040 | _aEG-CaGPL | ||
| 082 | 0 | 4 |
_221 _a260.9\ _bس ت |
| 100 | 1 |
_aسكاتولين ، جوزيي _eجوزيي سكاتولين |
|
| 245 | 1 | 2 |
_aالتجليات الروحية فى الاسلام : _bنصوص صوفية عبر التاريخ / _cدراسة واعداد وتقديم جوزيي سكاتولين ، احمد حسن انور ؛ تصدير احمد الطيب |
| 260 |
_aالقاهرة : _bالهيئة المصرية العامة للكتاب ، _c2008 . |
||
| 300 |
_a684 ص ؛ _c24 سم |
||
| 504 | _aببليوجرافية : ص 667 - 680 | ||
| 650 | 0 | 4 | _aالتصوف الاسلامى |
| 650 | 0 | 4 | _aالفلسفة الاسلامية |
| 650 | 0 | 4 | _aالطرق الصوفية |
| 650 | 0 | 4 | _aالاخلاق الاسلامية |
| 650 | 0 | 4 |
_aالتصوف _xتاريخ |
| 700 | 0 |
_aاحمد حسن انور _eمعد مشارك |
|
| 700 | 0 |
_aاحمد الطيب _eمصدر |
|
| 942 |
_2ddc _cBK |
||
| 999 |
_c61162 _d61162 |
||